Refs du crew (Amixem, Thomas, Yvan, Étienne) - Statistiques

Statistiques générales
  • Ce quiz a été pris 1 093 fois
  • Le résultat moyen est 6 sur 16
Statistiques - réponses
Hint Réponse % Correct
Coucou Étienne, _'____ ______ c'est maman
90%
Pour le peuple __ _____ de Judée
79%
C'est la roue des ______ couleurs
50%
Je vois la statue de la liberté, ___ ______ ____-____ toute petite bien-sûr
49%
- Le prix ? - Allez petit ______ tajine
45%
Attention des tortues _______ carnivores
42%
- J'peux avoir un cliquet ?- Mais c'est quoi un cliquet ? ______ _'_______ __ ____ __ Arrête d'inventer des mots là
39%
- T'es sur que ça se boit ? - Nan, tous _____ __ _____ types de peaux
36%
Mais si c'est pas un objet, qu'est ce que ça peut être ? __ _____ ________ ? Un verbe irrégulier
36%
Vous m'énervez, j'suis énervé la, ____ ____ _______ _ __ _______ __ __ vous avez affaire à un homme en colère là
27%
Uuuh comme dirait _______ Mickey
26%
Je vois pas à quel moment dans mon attitude vous vous êtes dit "__ ___ __ __ ____ ______" ce mec là est potentiellement dangereux
15%
Salut c'est Pablo __ _______ le chorizo
11%
Vous préférez les cliquets ou __ _______ ? les sautelles
11%
Parce que là vous avez connu Thomas gentil ___ ____ _____ __ ______ _____ _____ mais vous pouvez vite connaitre Thomas chiffon
9%
Du Lillet, Lillet blanc, Lillet rouge, _____ ____, ____ _______ Lillet gentil, Lillet méchant
8%
Aucun quiz correspondant
Distribution des résultats
% des personnes avec chaque résultat
Percentile par nombre de réponses
Votre historique - résultats
Vous n’avez pas pris ce quiz